书目信息 |
| 题名: |
配位催化与金属有机化学
|
|
| 作者: | 何仁 编著 | |
| 分册: | ||
| 出版信息: | 北京 化学工业出版社 2002 |
|
| 页数: | 168页 | |
| 开本: | 23cm | |
| 丛书名: | ||
| 单 册: | ||
| 中图分类: | O627 | |
| 科图分类: | ||
| 主题词: | 金属有机化学--络合物化学--高等学校--教材 , 金属有机化学 , 络合物化学 | |
| 电子资源: | ||
| ISBN: | 7-5025-3605-1 | |
| 000 | 00842nam0 2200265 45 | |
| 001 | 060000004299 | |
| 005 | 20050906154411.92 | |
| 010 | @a7-5025-3605-1@dCNY18.00 | |
| 100 | @a20040709d2002 ekmy0chiy0120 ea | |
| 101 | 0 | @achi |
| 102 | @aCN@b110000 | |
| 105 | @aak az 000yy | |
| 200 | 1 | @a配位催化与金属有机化学@Apei wei cui hua yu jin shu you ji hua xue@f何仁编著@Fhe ren bian zhu |
| 210 | @a北京@c化学工业出版社@d2002 | |
| 215 | @a168页@c图@d23cm | |
| 300 | @a面向21世纪课程教材 | |
| 320 | @a有书目 | |
| 330 | @a本书简明阐述金属有机化学在高选译性有机合成及配位催化方面的基本知识与理论,着重介绍其应用领域。 | |
| 606 | 0 | @a金属有机化学@x络合物化学@x高等学校@j教材 |
| 606 | 0 | @a金属有机化学 |
| 606 | 0 | @a络合物化学 |
| 690 | @aO627@v4 | |
| 701 | 0 | @a何仁@Ahe ren@4编著 |
| 801 | 0 | @aCN@bTSSF@c20050906 |
| 905 | @a10447@dO627@e2 | |
| 配位催化与金属有机化学/何仁编著.-北京:化学工业出版社,2002 |
| 168页:图;23cm |
| 面向21世纪课程教材 |
| ISBN 7-5025-3605-1:CNY18.00 |
| 本书简明阐述金属有机化学在高选译性有机合成及配位催化方面的基本知识与理论,着重介绍其应用领域。 |
| ● |
| 相关链接 |
|
|
|
|
正题名:配位催化与金属有机化学
索取号:O627/2
 
预约/预借
| 序号 | 登录号 | 条形码 | 馆藏地/架位号 | 状态 | 备注 |
| 1 | 0360103 | 3601034 | 第二样本阅览室/ [索取号:O627/2] | 在馆 | |
| 2 | 0360104 | 3601043 | 第三借阅区/ [索取号:O627/2] | 在馆 | |
| 3 | 0360105 | 3601052 | 第三借阅区/ [索取号:O627/2] | 在馆 |